000 00329nam a22001457a 4500
003 OSt
005 20220214092908.0
008 220214b |||||||| |||| 00| 0 eng d
020 _a9780071267939
040 _cHU
082 _22nd
_a627.23
100 _aSturm
_930333
245 _aOpen Channel Hydraulics
942 _2ddc
_cBOOKS
_n0
999 _c30108
_d30108